000
00315nam a2200133Ia 4500
008
191201s2008 xx 000 0 und d
082
_a
658.16
_b
ADG
100
_a
ADHIKARY, Manab
245
0
_a
Global Business Management
260
_a
N.Delhi
_b
Mac Millan
_c
2008
300
_a
450
650
_a
MBA
942
_2
ddc
_c
BK
999
_c
2883
_d
2883